The Abingdon Bible commentary / (Record no. 6687)

MARC details
000 -LEADER
fixed length control field 00853cam a22002771 4500
001 - CONTROL NUMBER
control field 6153
003 - CONTROL NUMBER IDENTIFIER
control field GBCCL
005 - DATE AND TIME OF LATEST TRANSACTION
control field 20241126110609.0
008 - FIXED-LENGTH DATA ELEMENTS--GENERAL INFORMATION
fixed length control field 730522s1929 nyub b 00010 eng
010 ## -
-- 29009121
035 ## - SYSTEM CONTROL NUMBER
System control number OCM00390819
040 ## - CATALOGING SOURCE
Original cataloging agency DLC
Transcribing agency DLC
Modifying agency m.c.
-- LBB
049 ## -
-- LBBK
050 0# -
-- BS491
-- .E5
082 ## - DEWEY DECIMAL CLASSIFICATION NUMBER
Classification number 220.7
Item number ABI
092 ## - LOCALLY ASSIGNED DEWEY CALL NUMBER (OCLC)
Item number E36
100 1# - MAIN ENTRY--PERSONAL NAME
Personal name Eiselen, Frederick Carl,
Dates associated with a name 1872-1937.
9 (RLIN) 11945
245 14 - TITLE STATEMENT
Title The Abingdon Bible commentary /
Statement of responsibility, etc. edited by Frederick Carl Eiselen, Edwin Lewis and David G. Downey.
260 ## - PUBLICATION, DISTRIBUTION, ETC.
Place of publication, distribution, etc. New York :
Name of publisher, distributor, etc. Abingdon press,
Date of publication, distribution, etc. c1929.
300 ## - PHYSICAL DESCRIPTION
Extent xvi, 1452 p. :
Other physical details maps. ;
Dimensions 24 cm.
504 ## - BIBLIOGRAPHY, ETC. NOTE
Bibliography, etc. note Includes bibliographical references.
630 00 - SUBJECT ADDED ENTRY--UNIFORM TITLE
Uniform title Bible
Form subdivision Commentaries.
9 (RLIN) 200
700 1# - ADDED ENTRY--PERSONAL NAME
Personal name Lewis, Edwin,
Dates associated with a name 1881-
9 (RLIN) 6038
700 1# - ADDED ENTRY--PERSONAL NAME
Personal name Downey, David George,
Dates associated with a name 1858-1935.
9 (RLIN) 11946
942 ## - ADDED ENTRY ELEMENTS (KOHA)
Source of classification or shelving scheme Dewey Decimal Classification
Koha item type Reference Books
Holdings
Withdrawn status Lost status Source of classification or shelving scheme Damaged status Not for loan Home library Current Library Shelving location Date acquired Total checkouts Full call number Barcode Date last seen Copy number Price effective from Koha item type
    Dewey Decimal Classification     GRACE BIBLE COLLEGE GRACE BIBLE COLLEGE Commentary 2018-05-25   220.7 ABI 003803 2025-05-01 c.1 2018-05-25 Reference Books
    Dewey Decimal Classification     GRACE BIBLE COLLEGE GRACE BIBLE COLLEGE Commentary 2018-05-25   220.7 ABI 003804 2025-05-01 c.2 2018-05-25 Reference Books
© Grace Bible College Library 2025